Actors who worked with Joe Johnston - Statistics

General Stats
  • This quiz has been taken 10 times
  • The average score is 20 of 69
Answer Stats
Films Answer % Correct
Captain America: The First Avenger Chris Evans
80%
Captain America: The First Avenger, The Wolfman Hugo Weaving
60%
The Nutcracker and the Four Realms Jayden Fowora-Knight
60%
The Nutcracker and the Four Realms Keira Knightley
60%
Jurassic Park III, October Sky Laura Dern
60%
Jurassic Park III Michael Jeter
60%
Jurassic Park III Sam Neill
60%
Captain America: The First Avenger Samuel L. Jackson
60%
Captain America: The First Avenger Tommy Lee Jones
60%
Jurassic Park III William H. Macy
60%
Jurassic Park III Alessandro Nivola
40%
October Sky Chris Cooper
40%
Captain America: The First Avenger David Bradley
40%
Captain America: The First Avenger Hayley Atwelll
40%
October Sky Jake Gyllenhaal
40%
Jumanji Jonathan Hyde
40%
Jumanji Kirsten Dunst
40%
The Nutcracker and the Four Realms Morgan Freeman
40%
Honey, I Shrunk the Kids Rick Moranis
40%
Jumanji Robin Williams
40%
Captain America: The First Avenger Sebastian Stan
40%
Jurassic Park III Téa Leoni
40%
The Rocketeer Timothy Dalton
40%
Jurassic Park III Trevor Morgan
40%
The Rocketeer Alan Arkin
20%
The Wolfman Anthony Hopkins
20%
The Wolfman Asa Butterfield
20%
Jumanji Bebe Neuwirth
20%
The Wolfman Benicio del Toro
20%
The Rocketeer Billy Campbell
20%
Jumanji Bonnie Hunt
20%
Jumanji Bradley Pierce
20%
October Sky Chris Owen
20%
The Pagemaster Christopher Lloyd
20%
The Wolfman Clive Russell
20%
Jumanji David Alan Grier
20%
Captain America: The First Avenger Dominic Cooper
20%
The Pagemaster Ed Begley Jr.
20%
Not Safe for Work Eloise Mumford
20%
The Wolfman Emily Blunt
20%
The Wolfman Geraldine Chaplin
20%
The Nutcracker and the Four Realms Helen Mirren
20%
Captain America: The First Avenger Jenna Coleman
20%
The Rocketeer Jennifer Connelly
20%
Hidalgo J. K. Simmons
20%
Honey, I Shrunk the Kids Kristine Sutherland
20%
The Pagemaster Leonard Nimoy
20%
The Pagemaster Macaulay Culkin
20%
The Nutcracker and the Four Realms Mackenzie Foy
20%
Honey, I Shrunk the Kids Marcia Strassman
20%
Honey, I Shrunk the Kids Matt Frewer
20%
The Nutcracker and the Four Realms Matthew Macfadyen
20%
Not Safe for Work Max Minghella
20%
Captain America: The First Avenger Natalie Dormer
20%
Hidalgo Omar Sharif
20%
Jumanji Patricia Clarkson
20%
The Pagemaster Patrick Stewart
20%
The Rocketeer Paul Sorvino
20%
Captain America: The First Avenger Richard Armitage
20%
The Nutcracker and the Four Realms Richard E. Grant
20%
Captain America: The First Avenger Stanley Tucci
20%
Honey, I Shrunk the Kids Thomas Wilson Brown
20%
Captain America: The First Avenger Toby Jones
20%
The Nutcracker and the Four Realms Tom Sweet
20%
Hidalgo Viggo Mortensen
20%
The Pagemaster Whoopi Goldberg
20%
Hidalgo Malcolm McDowell
0%
October Sky William Lee Scott
0%
Hidalgo Zuleikha Robinson
0%
No matching quizzes found
Score Distribution
Percent of People with Each Score
Percentile by Number Answered
Your Score History
You have not taken this quiz